000 00612cam a2200145 4500500
005 20250928003051.0
041 _afre
042 _adc
100 1 0 _aMusco, Jonas
_eauthor
245 0 0 _aLa citoyenneté sans l’État-nation Simona Cerutti, Thomas Glesener et Isabelle Grangaud (dir.), La cité des choses, Une nouvelle histoire de la citoyenneté, éditions Anacharsis, 2024, 480 pages, 30 €.
260 _c2024.
500 _a22
786 0 _nÉtudes | Javier | 1 | 2024-12-12 | p. 121-122 | 0014-1941
856 4 1 _uhttps://shs.cairn.info/revue-etudes-2025-1-page-121?lang=fr&redirect-ssocas=7080
999 _c1510771
_d1510771